Logo Biblioteca

La bestia debe morir / (Registro nro. 19)

Detalles MARC
000 -LEADER
fixed length control field 01316nam a22002177a 4500
003 - CONTROL NUMBER IDENTIFIER
control field OSt
005 - DATE AND TIME OF LATEST TRANSACTION
control field 20230711125017.0
008 - FIXED-LENGTH DATA ELEMENTS--GENERAL INFORMATION
fixed length control field 230705s2015 |||||||| |||| 00| 1 spa d
020 ## - INTERNATIONAL STANDARD BOOK NUMBER
International Standard Book Number 9789500437103
040 ## - CATALOGING SOURCE
Language of cataloging spa
Transcribing agency besoc
100 1# - MAIN ENTRY--PERSONAL NAME
Personal name Blake, Nicholas
Dates associated with a name (1904-1972)
Relator term autor
245 13 - TITLE STATEMENT
Title La bestia debe morir /
Statement of responsibility, etc. Nicholas Blake ; traducción de J. R. Wilcock
250 ## - EDITION STATEMENT
Edition statement 1a ed.
260 ## - PUBLICATION, DISTRIBUTION, ETC.
Place of publication, distribution, etc. Buenos Aires :
Name of publisher, distributor, etc. Emecé,
Date of publication, distribution, etc. 2015
300 ## - PHYSICAL DESCRIPTION
Extent 270 p.
490 ## - SERIES STATEMENT
Series statement El séptimo círculo / colección creada por Jorge Luis Borges y Adolfo Bioy Casares
520 ## - SUMMARY, ETC.
Summary, etc. Un autor de novelas policiales cuyo hijo ha sido asesinado por un desconocido decide vengar esa muerte. Tiene un plan perfecto y todo está listo; cuando parece que ya no hay salida (para la bestia) que cometió la atrocidad que perturba incesantemente al escritor, ocurre lo inesperado. La novela es el diario minucioso que registra la búsqueda del culpable y que permite al lector acompañar cada instante en la planificación de la venganza de un padre desencajado por el dolor... "Voy a matar a un hombre. No sé cómo se llama, no sé donde vive, no tengo idea de su aspecto. Pero voy a encontrarlo y lo mataré" [Nota del editor].
650 #4 - SUBJECT ADDED ENTRY--TOPICAL TERM
Topical term or geographic name entry element Literatura inglesa
Form subdivision Novelas
Chronological subdivision Siglo XX
700 ## - ADDED ENTRY--PERSONAL NAME
Personal name Wilcock, J. R.
Relator term traductor
942 ## - ADDED ENTRY ELEMENTS (KOHA)
Source of classification or shelving scheme Universal Decimal Classification
Koha item type Obra General
Suppress in OPAC No
Existencias
Withdrawn status Lost status Source of classification or shelving scheme Damaged status Not for loan Collection Home library Current library Date acquired Total checkouts Full call number Barcode Date last seen Price effective from Koha item type
    Universal Decimal Classification     Colección General Biblioteca Escuela de Ciencias Sociales Biblioteca Escuela de Ciencias Sociales 05/07/2023   82-312.4(410) B636 000654 05/07/2023 05/07/2023 Obra General
Biblioteca de la Escuela Preuniversitaria en Ciencias Sociales y Humanísticas.
Riobamba 250 bis.
CP 2000 - Rosario - Santa Fe
E-Mail: biblioteca@esociales.unr.edu.ar